[Event "Russian Blitz Championship (m)"]
[Site "Sochi"]
[Date "2022.10.14"]
[Round "4.13"]
[White "Bryakin, Mikhail"]
[Black "Kezin, Roman"]
[Result "1-0"]
[BlackElo "2503"]
[WhiteElo "2367"]
[LiveChessVersion "1.4.8"]

1. d4 {[%clk 0:03:03]} d5 {[%clk 0:03:04]} 2. Nf3 {[%clk 0:03:01]} Nf6
{[%clk 0:03:05]} 3. Bf4 {[%clk 0:02:54]} c5 {[%clk 0:03:06]} 4. e3
{[%clk 0:02:54]} Nc6 {[%clk 0:03:07]} 5. c3 {[%clk 0:02:50]} Qb6 {[%clk 0:03:08]}
6. Qc2 {[%clk 0:02:51]} g6 {[%clk 0:03:09]} 7. Nbd2 {[%clk 0:02:47]} Bg7
{[%clk 0:03:06]} 8. h3 {[%clk 0:02:42]} O-O {[%clk 0:02:55]} 9. Be2
{[%clk 0:02:42]} Bf5 {[%clk 0:02:46]} 10. Qb3 {[%clk 0:02:44]} c4
{[%clk 0:02:48]} 11. Qxb6 axb6 {[%clk 0:02:49]} 12. a3 {[%clk 0:02:46]} h6
{[%clk 0:02:46]} 13. O-O {[%clk 0:02:41]} g5 {[%clk 0:02:46]} 14. Bh2
{[%clk 0:02:42]} b5 {[%clk 0:02:46]} 15. Ne5 {[%clk 0:02:36]} e6 {[%clk 0:02:20]}
16. Bf3 {[%clk 0:02:25]} Rfd8 {[%clk 0:02:14]} 17. Rfe1 {[%clk 0:02:25]} Nxe5
{[%clk 0:01:58]} 18. Bxe5 {[%clk 0:02:24]} Ne4 {[%clk 0:01:51]} 19. Bxe4
{[%clk 0:02:06]} Bxe4 {[%clk 0:01:48]} 20. Nxe4 {[%clk 0:01:42]} dxe4
{[%clk 0:01:27]} 21. Bxg7 {[%clk 0:01:43]} Kxg7 {[%clk 0:01:28]} 22. f3
{[%clk 0:01:44]} exf3 {[%clk 0:01:22]} 23. gxf3 {[%clk 0:01:45]} e5
{[%clk 0:00:08]} 24. Kf2 {[%clk 0:01:46]} Kf6 {[%clk 0:00:09]} 25. Rad1
{[%clk 0:01:39]} Rd6 {[%clk 0:00:05]} 26. dxe5+ {[%clk 0:01:29]} Kxe5
{[%clk 0:00:06]} 27. Rxd6 {[%clk 0:01:31]} Kxd6 {[%clk 0:00:07]} 28. Rd1+
{[%clk 0:01:32]} Ke6 {[%clk 0:00:03]} 29. e4 {[%clk 0:01:16]} Ra6
{[%clk 0:00:03]} 30. Rd5 {[%clk 0:01:15]} Rb6 {[%clk 0:00:04]} 31. Ke3
{[%clk 0:01:14]} f6 {[%clk 0:00:03]} 32. f4 {[%clk 0:00:57]} Ke7 {[%clk 0:00:03]}
33. e5 {[%clk 0:00:37]} fxe5 {[%clk 0:00:03]} 34. fxe5 {[%clk 0:00:38]} Ke6
{[%clk 0:00:03]} 35. Ke4 {[%clk 0:00:39]} h5 {[%clk 0:00:03]} 36. Rd8
{[%clk 0:00:40]} Rc6 {[%clk 0:00:03]} 37. Rg8 {[%clk 0:00:38]} g4
{[%clk 0:00:03]} 38. hxg4 {[%clk 0:00:37]} hxg4 {[%clk 0:00:04]} 39. Rxg4
{[%clk 0:00:37]} Rc8 {[%clk 0:00:04]} 40. Rg6+ {[%clk 0:00:35]} Kd7
{[%clk 0:00:04]} 41. Rb6 {[%clk 0:00:36]} Rh8 {[%clk 0:00:03]} 42. Kd5
{[%clk 0:00:35]} Rh2 {[%clk 0:00:03]} 43. Rxb7+ {[%clk 0:00:36]} Kc8
{[%clk 0:00:04]} 44. Rxb5 1-0

[Event "Russian Blitz Championship (m)"]
[Site "Sochi"]
[Date "2022.10.14"]
[Round "4.14"]
[White "Shomoev, Anton"]
[Black "Savitskiy, Sergey"]
[Result "1-0"]
[BlackElo "2363"]
[WhiteElo "2499"]
[LiveChessVersion "1.4.8"]

1. e4 {[%clk 0:03:02]} c5 {[%clk 0:03:03]} 2. Nf3 {[%clk 0:03:03]} Nc6
{[%clk 0:03:04]} 3. d4 {[%clk 0:03:04]} cxd4 {[%clk 0:03:04]} 4. Nxd4
{[%clk 0:03:05]} Nf6 {[%clk 0:03:04]} 5. Nc3 {[%clk 0:03:06]} d6 {[%clk 0:03:05]}
6. Bg5 {[%clk 0:03:05]} e6 {[%clk 0:03:06]} 7. Qd2 {[%clk 0:03:06]} a6
{[%clk 0:03:06]} 8. O-O-O {[%clk 0:03:06]} Bd7 {[%clk 0:03:06]} 9. Nxc6
{[%clk 0:03:04]} Bxc6 {[%clk 0:02:54]} 10. Bd3 {[%clk 0:03:05]} b5
{[%clk 0:02:37]} 11. Rhe1 {[%clk 0:03:05]} Be7 {[%clk 0:02:13]} 12. f3
{[%clk 0:03:05]} O-O {[%clk 0:01:55]} 13. h4 {[%clk 0:03:06]} b4 {[%clk 0:01:52]}
14. Ne2 {[%clk 0:03:07]} a5 {[%clk 0:01:53]} 15. Nd4 {[%clk 0:03:07]} Bd7
{[%clk 0:01:37]} 16. Kb1 {[%clk 0:03:08]} a4 {[%clk 0:01:27]} 17. g4
{[%clk 0:02:50]} d5 {[%clk 0:00:47]} 18. e5 {[%clk 0:02:49]} Ne8 {[%clk 0:00:48]}
19. f4 {[%clk 0:02:38]} Nc7 {[%clk 0:00:11]} 20. f5 Re8 {[%clk 0:00:10]} 21. f6
{[%clk 0:02:17]} gxf6 {[%clk 0:00:08]} 22. exf6 {[%clk 0:02:00]} Bxf6
{[%clk 0:00:09]} 23. Rf1 {[%clk 0:01:50]} Bxg5 {[%clk 0:00:10]} 24. hxg5
{[%clk 0:01:51]} e5 {[%clk 0:00:07]} 25. Bxh7+ {[%clk 0:01:43]} Kxh7
{[%clk 0:00:06]} 26. Qh2+ {[%clk 0:01:31]} Kg7 {[%clk 0:00:05]} 27. Qh6+
{[%clk 0:01:31]} Kg8 {[%clk 0:00:06]} 28. Rh1 {[%clk 0:01:30]} 1-0

[Event "Russian Blitz Championship (m)"]
[Site "Sochi"]
[Date "2022.10.14"]
[Round "4.15"]
[White "Vetokhin, Savva"]
[Black "Moiseenko, Vadim"]
[Result "0-1"]
[BlackElo "2492"]
[WhiteElo "2258"]
[LiveChessVersion "1.4.8"]

1. e4 {[%clk 0:03:03]} c5 {[%clk 0:03:02]} 2. Nf3 {[%clk 0:03:04]} d6
{[%clk 0:03:03]} 3. Bb5+ {[%clk 0:03:04]} Nd7 {[%clk 0:03:04]} 4. d4
{[%clk 0:03:05]} cxd4 {[%clk 0:03:04]} 5. Nxd4 {[%clk 0:03:06]} a6
{[%clk 0:03:04]} 6. Bxd7+ {[%clk 0:03:03]} Qxd7 {[%clk 0:03:05]} 7. O-O
{[%clk 0:03:02]} b6 {[%clk 0:03:04]} 8. c4 {[%clk 0:03:01]} Bb7 {[%clk 0:03:05]}
9. Nc3 {[%clk 0:03:02]} Nf6 {[%clk 0:03:05]} 10. Qd3 {[%clk 0:03:00]} Rc8
{[%clk 0:02:58]} 11. f3 {[%clk 0:02:56]} Qc7 {[%clk 0:02:55]} 12. b3
{[%clk 0:02:44]} e6 {[%clk 0:02:56]} 13. Bd2 {[%clk 0:02:32]} Be7
{[%clk 0:02:56]} 14. Rac1 {[%clk 0:02:33]} O-O {[%clk 0:02:57]} 15. Be3
{[%clk 0:02:34]} Rfe8 {[%clk 0:02:41]} 16. Rfd1 {[%clk 0:02:33]} Nd7
{[%clk 0:02:37]} 17. Kh1 {[%clk 0:02:24]} Qb8 {[%clk 0:02:30]} 18. Bg1
{[%clk 0:02:22]} Ne5 {[%clk 0:02:27]} 19. Qd2 {[%clk 0:02:16]} Ng6
{[%clk 0:02:25]} 20. Be3 {[%clk 0:02:14]} Ba8 {[%clk 0:02:21]} 21. a4
{[%clk 0:02:14]} Rcd8 {[%clk 0:02:22]} 22. Nde2 {[%clk 0:02:12]} Ne5
{[%clk 0:02:14]} 23. Qd4 {[%clk 0:02:03]} Nd7 {[%clk 0:02:12]} 24. Qd2
{[%clk 0:02:04]} Nc5 {[%clk 0:02:11]} 25. Qc2 {[%clk 0:02:04]} Qc7
{[%clk 0:02:06]} 26. Bg1 {[%clk 0:02:03]} Bg5 {[%clk 0:02:01]} 27. Rb1
{[%clk 0:02:01]} Rf8 {[%clk 0:01:55]} 28. Nd4 {[%clk 0:01:59]} Bf6
{[%clk 0:01:45]} 29. Nde2 {[%clk 0:01:58]} Be5 {[%clk 0:01:42]} 30. Bd4
{[%clk 0:01:56]} f5 {[%clk 0:01:35]} 31. Bxe5 {[%clk 0:01:54]} dxe5
{[%clk 0:01:36]} 32. Ng3 {[%clk 0:01:50]} g6 {[%clk 0:01:30]} 33. Rxd8
{[%clk 0:01:48]} Rxd8 {[%clk 0:01:31]} 34. Rd1 {[%clk 0:01:49]} Rd4
{[%clk 0:01:24]} 35. Nge2 {[%clk 0:01:14]} Rxd1+ {[%clk 0:01:25]} 36. Qxd1
{[%clk 0:01:15]} fxe4 {[%clk 0:01:24]} 37. fxe4 {[%clk 0:01:15]} Nxe4
{[%clk 0:01:20]} 38. Nxe4 {[%clk 0:01:14]} Bxe4 {[%clk 0:01:21]} 39. Nc3
{[%clk 0:01:13]} Bc6 {[%clk 0:01:18]} 40. Qd3 {[%clk 0:01:11]} Qe7
{[%clk 0:01:07]} 41. h3 {[%clk 0:01:09]} Qg5 {[%clk 0:01:04]} 42. Ne4
{[%clk 0:01:01]} Bxe4 {[%clk 0:00:38]} 43. Qxe4 {[%clk 0:01:00]} Qc1+
{[%clk 0:00:39]} 44. Kh2 {[%clk 0:01:01]} Qf4+ {[%clk 0:00:39]} 45. Qxf4
{[%clk 0:01:00]} exf4 {[%clk 0:00:40]} 46. b4 {[%clk 0:00:55]} Kf7
{[%clk 0:00:42]} 47. c5 {[%clk 0:00:56]} bxc5 {[%clk 0:00:14]} 48. b5
{[%clk 0:00:57]} axb5 {[%clk 0:00:15]} 49. a5 {[%clk 0:00:59]} c4
{[%clk 0:00:16]} 50. a6 {[%clk 0:01:00]} c3 {[%clk 0:00:17]} 51. a7
{[%clk 0:01:02]} c2 {[%clk 0:00:18]} 52. a8=Q {[%clk 0:01:02]} c1=Q
{[%clk 0:00:18]} 53. Qb7+ {[%clk 0:00:58]} Kf6 {[%clk 0:00:19]} 54. Qxh7
{[%clk 0:00:57]} Qe3 {[%clk 0:00:09]} 55. Qh8+ {[%clk 0:00:56]} Kf7
{[%clk 0:00:09]} 56. Qh7+ {[%clk 0:00:55]} Kf8 {[%clk 0:00:06]} 57. Qh8+
{[%clk 0:00:53]} Ke7 {[%clk 0:00:07]} 58. Qg7+ {[%clk 0:00:47]} Kd6
{[%clk 0:00:08]} 59. Qf8+ {[%clk 0:00:47]} Kd5 {[%clk 0:00:09]} 60. Qd8+
{[%clk 0:00:45]} Kc4 {[%clk 0:00:10]} 61. Qc7+ {[%clk 0:00:45]} Kb3
{[%clk 0:00:10]} 62. Qc6 {[%clk 0:00:33]} b4 {[%clk 0:00:11]} 63. Qb5
{[%clk 0:00:34]} g5 {[%clk 0:00:10]} 64. Qf1 {[%clk 0:00:28]} Kc3
{[%clk 0:00:05]} 65. Qa1+ {[%clk 0:00:29]} Kc4 {[%clk 0:00:06]} 66. Qa6+
{[%clk 0:00:29]} Kb3 {[%clk 0:00:07]} 67. Qa1 {[%clk 0:00:28]} Qg3+
{[%clk 0:00:04]} 68. Kh1 {[%clk 0:00:29]} Qd3 {[%clk 0:00:06]} 69. Qe5
{[%clk 0:00:25]} Qe3 {[%clk 0:00:06]} 70. Qa1 {[%clk 0:00:26]} Qe4
{[%clk 0:00:05]} 71. Qd1+ {[%clk 0:00:26]} Ka2 {[%clk 0:00:05]} 72. Qd2+
{[%clk 0:00:26]} Ka3 {[%clk 0:00:05]} 73. Qc1+ {[%clk 0:00:25]} Ka2
{[%clk 0:00:05]} 74. Qd2+ {[%clk 0:00:27]} Ka1 {[%clk 0:00:07]} 75. Kh2
{[%clk 0:00:26]} b3 {[%clk 0:00:07]} 76. Qa5+ {[%clk 0:00:26]} Kb2
{[%clk 0:00:08]} 77. Qxg5 {[%clk 0:00:25]} Qe3 {[%clk 0:00:07]} 78. Qb5
{[%clk 0:00:24]} e5 {[%clk 0:00:06]} 79. Qc4 {[%clk 0:00:20]} Kb1
{[%clk 0:00:06]} 80. Qf1+ {[%clk 0:00:19]} Kc2 {[%clk 0:00:07]} 81. Qc4+
{[%clk 0:00:20]} Kb1 {[%clk 0:00:06]} 82. Qf1+ {[%clk 0:00:21]} Ka2
{[%clk 0:00:04]} 83. Qa6+ {[%clk 0:00:22]} Kb2 {[%clk 0:00:05]} 84. Qc4
{[%clk 0:00:22]} e4 {[%clk 0:00:07]} 85. h4 {[%clk 0:00:20]} Qg3+
{[%clk 0:00:08]} 86. Kg1 {[%clk 0:00:22]} Qe1+ {[%clk 0:00:09]} 87. Kh2
{[%clk 0:00:22]} Qxh4+ {[%clk 0:00:11]} 88. Kg1 {[%clk 0:00:24]} Qe1+
{[%clk 0:00:11]} 89. Kh2 {[%clk 0:00:25]} Qe3 {[%clk 0:00:12]} 90. Kh1
{[%clk 0:00:23]} Qc1+ {[%clk 0:00:12]} 0-1

[Event "Russian Blitz Championship (m)"]
[Site "Sochi"]
[Date "2022.10.14"]
[Round "4.16"]
[White "Tsydypov, Zhamsaran"]
[Black "Vastrukhin, Oleg"]
[Result "1-0"]
[BlackElo "2345"]
[WhiteElo "2598"]
[LiveChessVersion "1.4.8"]

1. e4 {[%clk 0:03:02]} g6 {[%clk 0:03:03]} 2. d4 {[%clk 0:03:02]} Bg7
{[%clk 0:03:04]} 3. Nc3 {[%clk 0:02:59]} c6 {[%clk 0:03:05]} 4. h4
{[%clk 0:02:58]} d5 {[%clk 0:03:05]} 5. e5 {[%clk 0:02:52]} c5 {[%clk 0:03:04]}
6. dxc5 {[%clk 0:02:43]} d4 {[%clk 0:02:58]} 7. Ne4 {[%clk 0:02:41]} Nc6
{[%clk 0:02:46]} 8. f4 {[%clk 0:02:42]} Bf5 {[%clk 0:02:43]} 9. Ng3
{[%clk 0:02:38]} Qa5+ {[%clk 0:02:41]} 10. Bd2 {[%clk 0:02:39]} Qxc5
{[%clk 0:02:41]} 11. Nxf5 {[%clk 0:02:39]} gxf5 {[%clk 0:02:42]} 12. Bd3
{[%clk 0:02:35]} e6 {[%clk 0:02:41]} 13. a3 {[%clk 0:02:35]} Nh6 {[%clk 0:02:31]}
14. Qf3 {[%clk 0:02:31]} Ng4 {[%clk 0:02:25]} 15. h5 {[%clk 0:02:30]} O-O-O
{[%clk 0:02:12]} 16. Ne2 {[%clk 0:02:30]} Rhg8 {[%clk 0:02:12]} 17. O-O-O
{[%clk 0:02:23]} Bh6 {[%clk 0:02:06]} 18. Kb1 {[%clk 0:02:22]} Kb8
{[%clk 0:01:51]} 19. g3 {[%clk 0:02:20]} f6 {[%clk 0:01:48]} 20. exf6
{[%clk 0:02:17]} Nxf6 {[%clk 0:01:48]} 21. Be1 {[%clk 0:01:59]} Nd5
{[%clk 0:01:47]} 22. Bf2 {[%clk 0:01:57]} Ne3 {[%clk 0:01:12]} 23. Rde1
{[%clk 0:01:58]} Qd5 {[%clk 0:01:07]} 24. Nxd4 {[%clk 0:01:54]} Ng4
{[%clk 0:00:10]} 25. Qxd5 {[%clk 0:01:43]} Rxd5 {[%clk 0:00:10]} 26. Nxc6+
{[%clk 0:01:44]} bxc6 {[%clk 0:00:11]} 27. Bg1 {[%clk 0:01:44]} e5
{[%clk 0:00:07]} 28. Bc4 {[%clk 0:01:37]} e4 {[%clk 0:00:07]} 29. Bxd5
{[%clk 0:01:37]} cxd5 {[%clk 0:00:08]} 30. Rd1 {[%clk 0:01:09]} Nf6
{[%clk 0:00:10]} 31. Bd4 {[%clk 0:01:10]} Nd7 {[%clk 0:00:11]} 32. Rhg1
{[%clk 0:01:08]} Kb7 {[%clk 0:00:12]} 33. b4 {[%clk 0:00:47]} a6 {[%clk 0:00:13]}
34. Ka2 {[%clk 0:00:48]} Kc6 {[%clk 0:00:13]} 35. Kb3 {[%clk 0:00:49]} Bg7
{[%clk 0:00:09]} 36. Bf2 {[%clk 0:00:48]} Bf6 {[%clk 0:00:06]} 37. c4
{[%clk 0:00:49]} dxc4+ {[%clk 0:00:03]} 38. Kxc4 {[%clk 0:00:50]} Rc8
{[%clk 0:00:04]} 39. Kb3 {[%clk 0:00:47]} 1-0

[Event "Russian Blitz Championship (m)"]
[Site "Sochi"]
[Date "2022.10.14"]
[Round "4.18"]
[White "Dzhumagaliev, Yan"]
[Black "Kavyev, Ruslan"]
[Result "0-1"]
[BlackElo "2245"]
[WhiteElo "2507"]
[LiveChessVersion "1.4.8"]

1. Nf3 {[%clk 0:03:03]} Nf6 {[%clk 0:03:04]} 2. h4 {[%clk 0:03:05]} d5
{[%clk 0:03:01]} 3. h5 {[%clk 0:03:06]} h6 {[%clk 0:03:02]} 4. d4
{[%clk 0:03:08]} Bg4 {[%clk 0:02:59]} 5. Ne5 {[%clk 0:03:09]} Bf5
{[%clk 0:02:45]} 6. c4 {[%clk 0:03:11]} c6 {[%clk 0:02:30]} 7. Nc3
{[%clk 0:03:11]} e6 {[%clk 0:02:31]} 8. Qb3 {[%clk 0:03:13]} Qb6 {[%clk 0:02:28]}
9. c5 {[%clk 0:03:14]} Qc7 {[%clk 0:02:21]} 10. Bf4 {[%clk 0:03:15]} Qc8
{[%clk 0:02:23]} 11. f3 {[%clk 0:03:16]} Nbd7 {[%clk 0:02:17]} 12. g4
{[%clk 0:03:17]} Bh7 {[%clk 0:02:17]} 13. e3 {[%clk 0:03:18]} Be7
{[%clk 0:02:13]} 14. Be2 {[%clk 0:03:09]} Bd8 {[%clk 0:02:07]} 15. e4
{[%clk 0:02:23]} dxe4 {[%clk 0:01:55]} 16. Nc4 {[%clk 0:02:18]} O-O
{[%clk 0:01:21]} 17. Nd6 {[%clk 0:02:20]} Qc7 {[%clk 0:01:18]} 18. fxe4
{[%clk 0:02:20]} e5 {[%clk 0:01:15]} 19. Bh2 {[%clk 0:01:50]} exd4
{[%clk 0:01:14]} 20. Nxf7 {[%clk 0:00:36]} Nxc5 {[%clk 0:01:05]} 21. Qc4
{[%clk 0:00:18]} Qxf7 {[%clk 0:01:04]} 22. Qxc5 {[%clk 0:00:18]} dxc3
{[%clk 0:01:05]} 23. Bc4 {[%clk 0:00:19]} Nxe4 {[%clk 0:01:02]} 24. Bxf7+
{[%clk 0:00:18]} Rxf7 {[%clk 0:01:03]} 25. Qb4 {[%clk 0:00:17]} Bh4+
{[%clk 0:01:03]} 26. Ke2 {[%clk 0:00:08]} Re8 {[%clk 0:01:04]} 27. Raf1
{[%clk 0:00:05]} Nf2+ {[%clk 0:01:03]} 0-1

[Event "Russian Blitz Championship (m)"]
[Site "Sochi"]
[Date "2022.10.14"]
[Round "4.19"]
[White "Zakhartsov, Vladimir"]
[Black "Ivlev, Aleksey"]
[Result "1-0"]
[BlackElo "2237"]
[WhiteElo "2492"]
[LiveChessVersion "1.4.8"]

1. e4 {[%clk 0:03:04]} e5 {[%clk 0:03:03]} 2. Nf3 {[%clk 0:03:05]} Nc6
{[%clk 0:03:05]} 3. Nc3 {[%clk 0:03:06]} Nf6 {[%clk 0:03:06]} 4. a3
{[%clk 0:03:07]} Be7 {[%clk 0:02:58]} 5. d4 {[%clk 0:03:07]} d6 {[%clk 0:02:55]}
6. Bb5 {[%clk 0:02:58]} Bd7 {[%clk 0:02:55]} 7. O-O {[%clk 0:02:54]} O-O
{[%clk 0:02:54]} 8. Re1 {[%clk 0:02:50]} Nxd4 {[%clk 0:02:30]} 9. Nxd4
{[%clk 0:02:49]} exd4 {[%clk 0:02:30]} 10. Qxd4 {[%clk 0:02:49]} Bxb5
{[%clk 0:02:30]} 11. Nxb5 {[%clk 0:02:50]} Nd7 {[%clk 0:02:31]} 12. Qc4
{[%clk 0:02:26]} a6 {[%clk 0:02:12]} 13. Nc3 {[%clk 0:02:25]} Re8
{[%clk 0:01:48]} 14. Bf4 {[%clk 0:02:23]} Nb6 {[%clk 0:01:40]} 15. Qd3
{[%clk 0:02:18]} Bg5 {[%clk 0:01:37]} 16. Bg3 {[%clk 0:02:05]} Bf6
{[%clk 0:01:38]} 17. Rad1 {[%clk 0:02:02]} Bxc3 {[%clk 0:01:27]} 18. Qxc3
{[%clk 0:02:03]} Nd7 {[%clk 0:01:27]} 19. e5 {[%clk 0:01:55]} Rc8
{[%clk 0:00:48]} 20. exd6 {[%clk 0:01:35]} cxd6 {[%clk 0:00:49]} 21. Rxe8+
{[%clk 0:01:28]} Qxe8 {[%clk 0:00:50]} 22. Qd3 {[%clk 0:01:30]} Nf6
{[%clk 0:00:39]} 23. f3 {[%clk 0:01:15]} Qc6 {[%clk 0:00:36]} 24. Qxd6
{[%clk 0:00:49]} Qxc2 {[%clk 0:00:35]} 25. Be5 {[%clk 0:00:47]} Ne8
{[%clk 0:00:35]} 26. Qd5 {[%clk 0:00:42]} h6 {[%clk 0:00:30]} 27. Bc3
{[%clk 0:00:41]} Nf6 {[%clk 0:00:23]} 28. Qd3 {[%clk 0:00:30]} Qxd3
{[%clk 0:00:22]} 29. Rxd3 {[%clk 0:00:31]} Kf8 {[%clk 0:00:23]} 30. Rd6
{[%clk 0:00:29]} Ke7 {[%clk 0:00:20]} 31. Rb6 {[%clk 0:00:28]} Rc7
{[%clk 0:00:20]} 32. Bxf6+ {[%clk 0:00:26]} gxf6 {[%clk 0:00:21]} 33. g4
{[%clk 0:00:28]} Rd7 {[%clk 0:00:21]} 34. Kg2 {[%clk 0:00:28]} Rc7
{[%clk 0:00:20]} 35. Kg3 {[%clk 0:00:29]} Rd7 {[%clk 0:00:19]} 36. h3
{[%clk 0:00:28]} Kd8 {[%clk 0:00:10]} 37. Rxf6 {[%clk 0:00:28]} Rd2
{[%clk 0:00:11]} 38. Rxf7 {[%clk 0:00:18]} Rxb2 {[%clk 0:00:12]} 39. h4
{[%clk 0:00:19]} b5 {[%clk 0:00:07]} 40. g5 {[%clk 0:00:19]} hxg5
{[%clk 0:00:08]} 41. h5 {[%clk 0:00:18]} Rb1 {[%clk 0:00:09]} 42. h6
{[%clk 0:00:19]} Ke8 {[%clk 0:00:11]} 43. h7 {[%clk 0:00:13]} Rh1
{[%clk 0:00:12]} 44. Rg7 {[%clk 0:00:14]} Kf8 {[%clk 0:00:12]} 45. Rg8+ 1-0

[Event "Russian Blitz Championship (m)"]
[Site "Sochi"]
[Date "2022.10.14"]
[Round "4.20"]
[White "Baigildin, Albert"]
[Black "Bocharov, Dmitry"]
[Result "0-1"]
[BlackElo "2484"]
[WhiteElo "2258"]
[LiveChessVersion "1.4.8"]

1. e4 {[%clk 0:03:02]} c5 {[%clk 0:03:03]} 2. Nf3 {[%clk 0:03:03]} d6
{[%clk 0:03:05]} 3. d4 {[%clk 0:03:04]} cxd4 {[%clk 0:03:05]} 4. Nxd4
{[%clk 0:03:05]} Nf6 {[%clk 0:03:06]} 5. Nc3 {[%clk 0:03:06]} a6 {[%clk 0:03:07]}
6. Bg5 {[%clk 0:03:06]} Nbd7 {[%clk 0:03:08]} 7. Qe2 {[%clk 0:03:03]} e6
{[%clk 0:02:42]} 8. O-O-O {[%clk 0:03:02]} Be7 {[%clk 0:02:38]} 9. h4
{[%clk 0:02:59]} Qc7 {[%clk 0:02:36]} 10. g4 {[%clk 0:02:52]} b5 {[%clk 0:02:37]}
11. a3 {[%clk 0:02:53]} Rb8 {[%clk 0:02:37]} 12. f4 {[%clk 0:02:39]} b4
{[%clk 0:02:33]} 13. axb4 {[%clk 0:02:39]} Rxb4 {[%clk 0:02:34]} 14. f5
{[%clk 0:02:20]} e5 {[%clk 0:02:33]} 15. Nb3 {[%clk 0:02:20]} Bb7
{[%clk 0:02:26]} 16. Bg2 {[%clk 0:02:10]} Nb6 {[%clk 0:02:15]} 17. Bxf6
{[%clk 0:01:55]} Bxf6 {[%clk 0:02:11]} 18. g5 {[%clk 0:01:53]} Be7
{[%clk 0:02:12]} 19. Rd3 {[%clk 0:01:26]} Nc4 {[%clk 0:02:03]} 20. Kb1
{[%clk 0:01:11]} a5 {[%clk 0:02:00]} 21. Na2 {[%clk 0:00:48]} Rb6
{[%clk 0:01:59]} 22. Rc3 {[%clk 0:00:48]} Ba6 {[%clk 0:01:59]} 23. Bf1
{[%clk 0:00:34]} Rc6 {[%clk 0:01:10]} 24. Qd1 {[%clk 0:00:33]} a4
{[%clk 0:00:39]} 25. Nd2 {[%clk 0:00:27]} O-O {[%clk 0:00:12]} 26. Nb4
{[%clk 0:00:25]} Nxd2+ {[%clk 0:00:05]} 27. Qxd2 {[%clk 0:00:26]} Rxc3
{[%clk 0:00:05]} 28. Nxa6 {[%clk 0:00:27]} Qc6 {[%clk 0:00:04]} 29. Qxc3
{[%clk 0:00:28]} Qxe4 {[%clk 0:00:05]} 30. Qh3 {[%clk 0:00:22]} Rc8
{[%clk 0:00:03]} 31. Bd3 {[%clk 0:00:23]} Qb7 {[%clk 0:00:03]} 32. f6
{[%clk 0:00:22]} Bf8 {[%clk 0:00:04]} 33. Rf1 {[%clk 0:00:18]} d5
{[%clk 0:00:04]} 34. fxg7 {[%clk 0:00:19]} Bxg7 {[%clk 0:00:05]} 35. Rf6
{[%clk 0:00:09]} e4 {[%clk 0:00:06]} 36. Bf1 {[%clk 0:00:10]} Bxf6 37. gxf6 Kh8
{[%clk 0:00:06]} 38. Qe3 {[%clk 0:00:04]} Qc6 {[%clk 0:00:06]} 39. c3
{[%clk 0:00:04]} a3 {[%clk 0:00:07]} 40. Qh6 {[%clk 0:00:05]} Rg8
{[%clk 0:00:07]} 41. Bh3 {[%clk 0:00:06]} Qb5 {[%clk 0:00:07]} 42. Bf5
{[%clk 0:00:07]} Qxb2# {[%clk 0:00:08]} 0-1

[Event "Russian Blitz Championship (m)"]
[Site "Sochi"]
[Date "2022.10.14"]
[Round "5.1"]
[White "Ponkratov, Pavel"]
[Black "Artemiev, Vladislav"]
[Result "0-1"]
[BlackElo "2832"]
[WhiteElo "2515"]
[LiveChessVersion "1.4.8"]

1. g3 {[%clk 0:03:02]} g6 {[%clk 0:03:00]} 2. Bg2 {[%clk 0:03:03]} Bg7
{[%clk 0:03:01]} 3. d4 {[%clk 0:03:03]} d5 {[%clk 0:02:53]} 4. Nf3
{[%clk 0:03:03]} Nd7 {[%clk 0:02:51]} 5. O-O {[%clk 0:03:01]} Ngf6
{[%clk 0:02:51]} 6. Ne5 {[%clk 0:02:53]} Nb6 {[%clk 0:02:23]} 7. Nc3
{[%clk 0:02:52]} O-O {[%clk 0:02:21]} 8. a4 {[%clk 0:02:52]} a5 {[%clk 0:02:21]}
9. h3 {[%clk 0:02:39]} c6 {[%clk 0:02:20]} 10. b3 {[%clk 0:02:33]} Nfd7
{[%clk 0:01:55]} 11. Nxd7 {[%clk 0:02:06]} Bxd7 {[%clk 0:01:50]} 12. e4
{[%clk 0:02:00]} dxe4 {[%clk 0:01:06]} 13. Nxe4 {[%clk 0:02:00]} Bf5
{[%clk 0:01:07]} 14. Bb2 {[%clk 0:01:38]} Qc8 {[%clk 0:01:02]} 15. Kh2
{[%clk 0:01:14]} Rd8 {[%clk 0:01:03]} 16. Nc5 {[%clk 0:01:05]} Nd7
{[%clk 0:01:04]} 17. Nd3 {[%clk 0:00:55]} e5 {[%clk 0:00:39]} 18. d5
{[%clk 0:00:34]} cxd5 {[%clk 0:00:39]} 19. Rc1 {[%clk 0:00:08]} Qc7
{[%clk 0:00:32]} 20. Bxd5 {[%clk 0:00:05]} Nb6 {[%clk 0:00:15]} 21. c4
{[%clk 0:00:05]} Nxd5 {[%clk 0:00:08]} 22. cxd5 {[%clk 0:00:06]} Qd6
{[%clk 0:00:09]} 23. Nc5 {[%clk 0:00:07]} Qxd5 {[%clk 0:00:10]} 24. Qxd5
{[%clk 0:00:08]} Rxd5 {[%clk 0:00:11]} 25. Rfd1 {[%clk 0:00:09]} Rxd1
{[%clk 0:00:10]} 26. Rxd1 {[%clk 0:00:10]} b6 {[%clk 0:00:11]} 27. Nb7
{[%clk 0:00:03]} Bc2 {[%clk 0:00:11]} 28. Rd6 {[%clk 0:00:04]} Bxb3
{[%clk 0:00:12]} 29. Rxb6 {[%clk 0:00:05]} Bxa4 30. Bc3 Bc2 {[%clk 0:00:07]} 31.
Nxa5 {[%clk 0:00:07]} Be4 {[%clk 0:00:07]} 32. Nc4 {[%clk 0:00:08]} f6
{[%clk 0:00:07]} 33. Nd6 {[%clk 0:00:09]} Bf3 {[%clk 0:00:08]} 34. g4
{[%clk 0:00:09]} Bh6 {[%clk 0:00:08]} 35. Kg3 {[%clk 0:00:10]} Bd5
{[%clk 0:00:09]} 36. f3 {[%clk 0:00:10]} Bf4+ {[%clk 0:00:09]} 37. Kf2
{[%clk 0:00:11]} Ra2+ {[%clk 0:00:10]} 38. Ke1 {[%clk 0:00:12]} Bxf3
{[%clk 0:00:09]} 39. Rb8+ {[%clk 0:00:13]} Kg7 {[%clk 0:00:10]} 40. Ne8+
{[%clk 0:00:14]} Kf7 {[%clk 0:00:09]} 41. Nd6+ {[%clk 0:00:14]} Ke6
{[%clk 0:00:10]} 42. Nb5 {[%clk 0:00:15]} Bg3+ {[%clk 0:00:10]} 43. Kf1
{[%clk 0:00:16]} Rh2 {[%clk 0:00:08]} 0-1